000
00306nam a2200121Ia 4500
008
191201s2014 xx 000 0 und d
100
_a
SOM,S.K.
245
0
_a
Introduction to Fluid Mechanics and Fluid Mechanics
260
_a
N. Delhi
_b
TMH
_c
2014
300
_a
835
650
_a
B.Tech(ME)
942
_2
ddc
_c
BK
999
_c
6274
_d
6274